000
00262nam a22001097a 4500
020
_a
07-050588-8
082
_a
621.042 PLA'N
245
_a
PLANT ENERGY SYSTEMS ENERGY SYSTEMS ENGINEERING
260
_a
NEWYORK
_b
MCGRAW HILL
_c
1967
300
_a
465P
942
_c
BK
999
_c
582760
_d
582760